00564nam a2200181Ia 4500008004100000082002000041245008400061250000900145260002700154650001300181650001900194650001300213650000900226700002100235942000700256999001700263952010200280220204s9999 xx 000 0 und d a576.3:61bCOW.1 0aSpecial cytology: The form and functions of the cell in health and disease. V 1 aEd.2 aNew YorkbHafnerc1963 aCytology aLiver cytology aPancreas aSkin aCOWDRY, Edmund V cBK c21422d21422 00104070aMAINbMAINd2021-12-16l0o576.3:61 COW.1p02138r2021-12-16 00:00:00w2022-02-14yBK